MARC

Tag First Indicator Second Indicator Subfields
LEADER 00000cgm a2200000Ia 4500
001 in00002371920
005 20151109043946.0
007 vd cgaizs
008 001218s1999 fr 149 vlfre d
028 4 2 |a 100019  |b Arthaus Musik 
029 1 |a AU@  |b 000023206965 
035 |a (OCoLC)ocm45588957 
035 |a (OCoLC)45588957 
040 |a ZCU  |c ZCU  |d CCO  |d OCLCQ  |d MUQ  |d OCLCQ  |d UtOrBLW 
041 1 |a fre  |j eng  |j fre  |j jpn  |j spa  |g eng  |g fre  |g ger 
043 |a e-fr--- 
049 |a TXAM 
050 4 |a M1500.P873  |b D52 1999 
090 |a M1500.P787  |b D54 1999 
245 0 0 |a Dialogues des Carmélites :  |b opéra en trois actes et 12 tableaux /  |c une production Bel Air Media en coproduction avec France 3, Opéra national du Rhin ; producteur délégué, François Duplat ; réalisation, Don Kent ; musique de Francis Poulenc ; texte ... de Georges Bernanos. 
264 1 |a [Munich?] :  |b Arthaus Musik,  |c [1999] 
264 4 |c ©1999 
300 |a 1 videodisc (149 min.) :  |b sound, color ;  |c 4 3/4 in. +  |e 1 booklet. 
336 |a two-dimensional moving image  |b tdi  |2 rdacontent 
337 |a video  |b v  |2 rdamedia 
338 |a videodisc  |b vd  |2 rdacarrier 
538 |a DVD; region 0; NTSC; stereo. 
546 |a Sung in French, with optional English or Japanese subtitles. DVD menu in English, French, Japanese or Spanish. 
511 0 |a Anne-Sophie Schmidt (Blanche de la Force), Hedwig Fassbender (Mere Marie), Patricia Petibon (Constance), Didier Henry (Le Marquis de la Force), Laurence Dale (Le chevalier de la Force), Nadine Denize (Madame de Croissy), Valerie Millot (Madame Lidoine) ; Jan Latham-Koenig, conductor ; Orchestre Philharmonique de Strasbourg ; Choeurs de l'Opéra national du Rhin. 
508 |a Director of photography, Jacques Audrain ; editor, Arnaud Petitet ; stage director, Marthe Keller ; set design, Jean-Pierre Capeyron. 
500 |a Filmed during a live performance at the Opéra nationale du Rhin in 1999. 
500 |a Program notes in German, French and English (33 pages : ill) laid in container. 
500 |a Videorecording. 
650 0 |a Operas. 
610 2 0 |a Carmelite Nuns  |z France  |z Compiègne  |v Drama. 
610 2 0 |a Carmel de Compiègne  |v Drama. 
651 0 |a France  |x History  |y Revolution, 1789-1799  |v Drama. 
600 1 6 |a Bernanos, Georges,  |d 1888-1948  |v Mises en musique. 
610 2 6 |a Carmélites  |z France  |z Compiègne  |v Théâtre. 
650 6 |a Opéras. 
651 6 |a France  |x Histoire  |y 1789-1799 (Révolution)  |x Théâtre. 
655 7 |a Music  |v Performance  |v Videodisc.  |2 migfg 
655 7 |a Filmed operas.  |2 lcgft 
700 1 |a Duplat, François. 
700 1 |a Kent, Don. 
700 1 |a Bernanos, Georges,  |d 1888-1948. 
700 1 |a Schmidt, Anne-Sophie. 
700 1 |a Fassbender, Hedwig. 
700 1 |a Petibon, Patricia. 
700 1 |a Henry, Didier. 
700 1 |a Dale, Laurence. 
700 1 |a Denize, Nadine. 
700 1 |a Latham-Koenig, Jan,  |d 1953- 
700 1 |a Keller, Marthe. 
700 1 |a Poulenc, Francis,  |d 1899-1963.  |t Dialogues des Carmélites. 
710 2 |a Orchestre philharmonique de Strasbourg. 
710 2 |a Opéra national du Rhin.  |b Chœurs. 
710 2 |a Arthaus Musik (Firm) 
710 2 |a Bel Air Media (Firm) 
710 2 |a Société nationale de programme France-Régions. 
710 2 |a Opéra national du Rhin. 
994 |a C0  |b TXA 
948 |a cataloged  |b h  |c 2008/5/1  |d c  |e blrosas  |f 4:11:50 pm 
999 |a MARS 
999 f f |s 1e01ac1c-bcab-36bd-bc7e-39d94698d282  |i 1cae95d4-144b-3562-92e4-023f471cb7cf  |t 0 
952 f f |p ric  |a Texas A&M University  |b Rellis Campus  |c Joint Library Facility  |d Remote Storage  |t 0  |e M1500.P787 D54 1999  |h Library of Congress classification  |i video -- videodisc  |m A14837226278 
998 f f |a M1500.P787 D54 1999  |t 0  |l Remote Storage